000 00321nam a2200133Ia 4500
005 20260326235451.0
008 260326s9999||||xx |||||||||||||| ||und||
100 _aFitch, James Marston
245 0 _aWalter Gropius /
_cJames Marston Fitch
260 _bBruguera
300 _a128 p.
650 _aARQUITECTOS
942 _cBK
999 _c7755
_d7755